| 000 | nam a22 a 4500 | ||
|---|---|---|---|
| 999 |
_c456282 _d456282 |
||
| 003 | BLK | ||
| 005 | 20220518093226.0 | ||
| 008 | 220518b bul|||||r ||||||| ||bul|| | ||
| 040 | _aBLK | ||
| 041 |
_aBUL _cBUL |
||
| 080 |
_aЕлектроенергетика. Производство, преобразуване, пренасяне, разпределяне и регулиране на електроенергията.Електроизмерителна техника.Техническо приложениена магнетизма и статичното електричество _b621.31 _x(497.2) _z621.31(497.2) |
||
| 100 |
_aТончев, Атанас _eпърви автор _9423459 |
||
| 139 | _aТончев, Атанас | ||
| 245 |
_aПобеждава прогресът _cАтанас Тончев |
||
| 257 | _aBGR | ||
| 260 |
_aСофия _bБКП _c1965 _9212206 |
||
| 300 |
_a55 с. _bс ил. _c20 см |
||
| 380 | _a62 | ||
| 490 |
_9205776 _aЧелен опит - промишленост, строителство, транспорт и търговия _v1 |
||
| 500 | _aОчерк за Завода за асинхронни двигатели-Пловдив. | ||
| 650 | 4 |
_aЕлектропромишленост - България _9297810 |
|
| 650 | 4 |
_aЕлектропромишлени предприятия - България _9154771 |
|
| 651 | 4 |
_aБългария _9241624 |
|
| 653 | _aелектротехника | ||
| 653 | _aистория | ||
| 653 | _aелектропромишленост | ||
| 852 |
_aЦб 34438 _bЦб |
||
| 856 | 4 | _qpdf | |
| 856 | 4 | _qpdf | |
| 942 |
_cKNG _n0 _s1 |
||
| 944 |
_aCR _c2022-05-18 _kДГ |
||